[Event "Barcelona Ciutat op-B"]
[Site "Barcelona"]
[Date "2021.08.22"]
[Round "5"]
[White "Garcia Gil, Oriol"]
[Black "Castrillo Mansego, Pablo"]
[Result "1-0"]
[WhiteElo "1696"]
[BlackElo "1988"]
[PlyCount "53"]
[EventDate "2021.08.18"]
[EventType "swiss"]
[EventRounds "9"]
[EventCountry "ESP"]
[SourceTitle "EXT 2022"]
[Source "ChessBase"]
[SourceDate "2021.10.06"]
[SourceVersion "1"]
[SourceVersionDate "2021.10.06"]
[SourceQuality "1"]

1. e4 d6 2. d4 Nf6 3. Nc3 g6 4. Be3 Bg7 5. Qd2 0-0 6. 0-0-0 c6 7. f3 b5 8. g4 Qa5 9. Kb1 b4 10. Nce2 Nbd7 11. Bh6 Nb6 12. Nc1 Be6 13. h4 Na4 14. Nb3 Bxb3 15. cxb3 Nb6 16. h5 e5 17. hxg6 fxg6 18. Bxg7 Kxg7 19. Qh6+ Kg8 20. g5 Nh5 21. Rxh5 gxh5 22. g6 hxg6 23. Qxg6+ Kh8 24. Rd2 exd4 25. Qh6+ Kg8 26. Rg2+ Kf7 27. Rg7+ 1-0

[Event "Barcelona Ciutat op-B"]
[Site "Barcelona"]
[Date "2021.08.20"]
[Round "3"]
[White "Olive Oller, Guim"]
[Black "Castrillo Mansego, Pablo"]
[Result "0-1"]
[WhiteElo "1763"]
[BlackElo "1988"]
[PlyCount "77"]
[EventDate "2021.08.18"]
[EventType "swiss"]
[EventRounds "9"]
[EventCountry "ESP"]
[SourceTitle "EXT 2022"]
[Source "ChessBase"]
[SourceDate "2021.10.06"]
[SourceVersion "1"]
[SourceVersionDate "2021.10.06"]
[SourceQuality "1"]

1. d4 Nf6 2. c4 d6 3. Nc3 g6 4. e4 Bg7 5. f3 0-0 6. Be3 e5 7. d5 c6 8. Nge2 cxd5 9. Nxd5 Nxd5 10. Qxd5 Nc6 11. h4 Nd4 12. Nxd4 exd4 13. Bg5 Qb6 14. Qb5 Qxb5 15. cxb5 Be5 16. Kf2 Be6 17. Bd3 Rfc8 18. a3 Bc4 19. Ke2 Rc5 20. Bxc4 Rxc4 21. Kd3 Rc5 22. a4 Rac8 23. Rac1 b6 24. Bd2 Kf8 25. b4 Rc3+ 26. Bxc3 dxc3 27. h5 g5 28. Rc2 Ke7 29. Ra1 Ke6 30. a5 Rc7 31. axb6 axb6 32. Ra8 Rb7 33. Rca2 g4 34. fxg4 Kf6 35. R2a7 Rxa7 36. Rxa7 h6 37. Rb7 Kg5 38. Rxb6 Kxg4 39. Rc6 0-1

[Event "Barcelona Electrica de Baleares"]
[Site "Barcelona"]
[Date "2018.11.03"]
[Round "6"]
[White "Castrillo Mansego, Pablo"]
[Black "Garcia Playa, David"]
[Result "0-1"]
[WhiteElo "1990"]
[BlackElo "2053"]
[PlyCount "80"]
[EventDate "2018.09.22"]
[EventType "tourn"]
[EventRounds "9"]
[EventCountry "ESP"]
[SourceTitle "CBM 187 Extra"]
[Source "ChessBase"]
[SourceDate "2018.11.04"]
[SourceVersion "1"]
[SourceVersionDate "2018.11.04"]
[SourceQuality "1"]

1. e4 c6 2. d4 d5 3. Nc3 dxe4 4. Nxe4 Bf5 5. Ng3 Bg6 6. Nf3 e6 7. h4 h6 8. Bd3 Bxd3 9. Qxd3 Nf6 10. Bd2 Be7 11. 0-0-0 Nbd7 12. Kb1 0-0 13. Ne4 c5 14. g4 Nxg4 15. Neg5 Ndf6 16. Rdg1 Nxf2 17. Qe2 hxg5 18. hxg5 Nxh1 19. Rxh1 Ng4 20. Qe4 Nh6 21. gxh6 g6 22. h7+ Kh8 23. Bh6 Qd5 24. Qe2 Bf6 25. c4 Qf5+ 26. Ka1 cxd4 27. Rf1 d3 28. Qd2 Bg7 29. Nh2 Qe4 30. Bxg7+ Kxg7 31. Qc3+ Kxh7 32. Nf3 Kg8 33. Qf6 Qf5 34. Qh4 Qh5 35. Qe4 Qf5 36. Qh4 Kg7 37. Qd4+ e5 38. Qe3 f6 39. Nh2 Qh5 40. Qg3 d2 0-1

[Event "Barcelona Sant Marti op-A 20th"]
[Site "Barcelona"]
[Date "2018.07.13"]
[Round "1"]
[White "Fernandez Cardoso, Alexey"]
[Black "Castrillo Mansego, Pablo"]
[Result "1-0"]
[WhiteElo "2439"]
[BlackElo "2020"]
[PlyCount "69"]
[EventDate "2018.07.13"]
[EventType "swiss"]
[EventRounds "9"]
[EventCountry "ESP"]
[SourceTitle "CBM 185 Extra"]
[Source "ChessBase"]
[SourceDate "2018.07.29"]
[SourceVersion "1"]
[SourceVersionDate "2018.07.29"]
[SourceQuality "1"]

1. e4 e6 2. d4 d5 3. Nd2 Nf6 4. e5 Nfd7 5. f4 c5 6. c3 Nc6 7. Ndf3 Be7 8. Bd3 cxd4 9. cxd4 f5 10. Ne2 a6 11. 0-0 0-0 12. Kh1 Kh8 13. Rg1 b5 14. g4 g6 15. Qf1 Rg8 16. Qh3 Na5 17. b3 Bb7 18. Rg2 Qf8 19. gxf5 gxf5 20. Ng5 Bxg5 21. fxg5 Qf7 22. Nf4 Nf8 23. Be2 Ng6 24. Bh5 Nc6 25. Nxg6+ Rxg6 26. Bxg6 Qxg6 27. Qh4 a5 28. Bd2 b4 29. Rc1 Rc8 30. Rg3 Kg8 31. Rh3 f4 32. Qxf4 Rf8 33. Rh6 Qd3 34. Rf6 Re8 35. g6 1-0

[Event "Barcelona Ponce Memorial 3rd"]
[Site "Barcelona"]
[Date "2018.04.21"]
[Round "3"]
[White "Castrillo Mansego, Pablo"]
[Black "Varela Cuadrado, Cesar M"]
[Result "1-0"]
[WhiteElo "1990"]
[BlackElo "1811"]
[PlyCount "73"]
[EventDate "2018.04.07"]
[EventType "swiss"]
[EventRounds "9"]
[EventCountry "ESP"]
[SourceTitle "CBM 184 Extra"]
[Source "ChessBase"]
[SourceDate "2018.06.28"]
[SourceVersion "1"]
[SourceVersionDate "2018.06.28"]
[SourceQuality "1"]

1. e4 d5 2. exd5 Qxd5 3. Nc3 Qd6 4. d4 Nf6 5. Nb5 Qb6 6. Nf3 c6 7. Na3 Bf5 8. Bd3 Bxd3 9. Qxd3 Nbd7 10. Nc4 Qc7 11. Bg5 e6 12. 0-0 Nb6 13. Rfe1 Nxc4 14. Qxc4 0-0-0 15. b4 h6 16. Bh4 g5 17. Bg3 Bd6 18. Ne5 Nd5 19. b5 Nb6 20. Qb3 Rhe8 21. bxc6 bxc6 22. c4 c5 23. dxc5 Bxc5 24. Qb5 f5 25. Nd3 f4 26. Nxc5 fxg3 27. hxg3 e5 28. a4 Nd7 29. Qa6+ Kb8 30. Rab1+ Ka8 31. Ne6 Rxe6 32. Qxe6 Nc5 33. Qxe5 Qxe5 34. Rxe5 Nxa4 35. Re7 Nb6 36. c5 Nd5 37. Rd1 1-0

[Event "Cornella Pinol Memorial 5th"]
[Site "Cornella de Llobregat"]
[Date "2017.10.30"]
[Round "6"]
[White "Prats Rodriguez, Juan Bosco"]
[Black "Castrillo Mansego, Pablo"]
[Result "1-0"]
[WhiteElo "1988"]
[BlackElo "2014"]
[PlyCount "131"]
[EventDate "2017.09.25"]
[EventType "swiss"]
[EventRounds "9"]
[EventCountry "ESP"]
[SourceTitle "CBM 181 Extra"]
[Source "ChessBase"]
[SourceDate "2017.12.12"]
[SourceVersion "1"]
[SourceVersionDate "2017.12.12"]
[SourceQuality "1"]

1. e4 e6 2. d3 d5 3. Qe2 Nf6 4. Nf3 c5 5. g3 Nc6 6. Bg2 dxe4 7. dxe4 e5 8. Bg5 Bg4 9. Qb5 Qb6 10. Qxb6 axb6 11. Bxf6 Bxf3 12. Bxf3 Nd4 13. Bd1 gxf6 14. Nc3 Bh6 15. Nd5 0-0 16. c3 Ne6 17. Be2 Kh8 18. 0-0 Ng5 19. f3 Rad8 20. Rad1 Rd6 21. Ne7 Rfd8 22. Rxd6 Rxd6 23. Rd1 Rxd1+ 24. Bxd1 Ne6 25. Be2 Bc1 26. b3 Nc7 27. Nd5 Nxd5 28. exd5 f5 29. Bd3 f4 30. g4 c4 31. Bxc4 Kg7 32. Bd3 h6 33. Bf5 Bb2 34. c4 Ba3 35. Bc8 Kf6 36. Bxb7 Kg5 37. Bc8 Kh4 38. Kf2 f6 39. Ke2 Bc5 40. Kd3 Kg5 41. Kc3 Bd4+ 42. Kd3 Bc5 43. Ke4 Ba3 44. Bf5 Kh4 45. Kd3 h5 46. gxh5 Kxh5 47. Kc3 Kg5 48. Bd3 Be7 49. b4 Kh4 50. a4 Kh3 51. a5 bxa5 52. c5 Kxh2 53. d6 axb4+ 54. Kxb4 Bf8 55. Kc4 Kg3 56. Kd5 Kxf3 57. c6 Bxd6 58. Kxd6 e4 59. Bb5 e3 60. c7 e2 61. Bxe2+ Kxe2 62. c8Q f3 63. Qe6+ Kf1 64. Qc4+ Ke1 65. Qe4+ Kf2 66. Ke6 1-0

[Event "Cornella Pinol Memorial 5th"]
[Site "Cornella de Llobregat"]
[Date "2017.10.16"]
[Round "4"]
[White "Tebar Ramon, Juan Bosco"]
[Black "Castrillo Mansego, Pablo"]
[Result "1-0"]
[WhiteElo "1976"]
[BlackElo "2014"]
[PlyCount "133"]
[EventDate "2017.09.25"]
[EventType "swiss"]
[EventRounds "9"]
[EventCountry "ESP"]
[SourceTitle "CBM 181 Extra"]
[Source "ChessBase"]
[SourceDate "2017.12.12"]
[SourceVersion "1"]
[SourceVersionDate "2017.12.12"]
[SourceQuality "1"]

1. d4 e6 2. e4 Nf6 3. e5 Nd5 4. c4 Nb6 5. Nc3 c5 6. d5 d6 7. f4 Be7 8. Nf3 0-0 9. Bd3 exd5 10. cxd5 Bg4 11. 0-0 N8d7 12. exd6 Bxd6 13. Qe1 Re8 14. Qg3 Bxf3 15. Qxf3 c4 16. Bc2 Bc5+ 17. Kh1 Nf6 18. Ne4 Nxe4 19. Bxe4 Qe7 20. Bc2 Rad8 21. Qh5 g6 22. Qf3 Qe2 23. Qxe2 Rxe2 24. Bd1 Rf2 25. Rxf2 Bxf2 26. Bf3 Nxd5 27. f5 Bd4 28. fxg6 hxg6 29. Bg5 Nf6 30. Rd1 Kg7 31. g3 Rd7 32. a4 b6 33. Be2 Ne4 34. Be3 Bxe3 35. Rxd7 c3 36. bxc3 Nxc3 37. Bb5 a6 38. Bc6 Bc5 39. Rd3 Ne2 40. Rd7 Nc3 41. Kg2 b5 42. axb5 Nxb5 43. Rd5 Bb6 44. Bxb5 axb5 45. Rxb5 Bd4 46. Rd5 Bb2 47. Kf3 Bc3 48. g4 Bf6 49. Kf4 Bb2 50. Rb5 Bc1+ 51. Ke4 Bd2 52. h4 Be1 53. h5 f6 54. Rb7+ Kh6 55. Rb6 Bc3 56. Rc6 Bb2 57. hxg6 Kxg6 58. Rc7 Be5 59. Rc8 Bb2 60. Rg8+ Kf7 61. Rc8 Kg6 62. Rb8 Ba1 63. Rg8+ Kf7 64. Ra8 Bb2 65. Kf5 Ke7 66. Ra7+ Kd8 67. Rf7 1-0

[Event "Cornella Pinol Memorial 5th"]
[Site "Cornella de Llobregat"]
[Date "2017.09.25"]
[Round "1"]
[White "Castrillo Mansego, Pablo"]
[Black "Maqueda Berdugo, Francisco"]
[Result "1-0"]
[WhiteElo "2014"]
[BlackElo "1705"]
[PlyCount "59"]
[EventDate "2017.09.25"]
[EventType "swiss"]
[EventRounds "9"]
[EventCountry "ESP"]
[SourceTitle "CBM 181 Extra"]
[Source "ChessBase"]
[SourceDate "2017.12.12"]
[SourceVersion "1"]
[SourceVersionDate "2017.12.12"]
[SourceQuality "1"]

1. e4 c5 2. d4 cxd4 3. c3 dxc3 4. Nxc3 Nc6 5. Bc4 d6 6. Nf3 e6 7. Bf4 a6 8. Qe2 e5 9. Be3 Nf6 10. Ng5 Bg4 11. Bxf7+ Ke7 12. f3 h6 13. fxg4 hxg5 14. Bb3 Nd4 15. Qc4 Nxb3 16. Qxb3 Qc8 17. Bxg5 Qxg4 18. Qxb7+ Ke6 19. Bxf6 Re8 20. Qd5+ Kxf6 21. 0-0+ Kg5 22. Rf3 Qe6 23. Rg3+ Kf6 24. Rf1+ Ke7 25. Qb7+ Kd8 26. Nd5 Qc8 27. Qb6+ Kd7 28. Rc3 Qb8 29. Rc7+ Ke6 30. Rb7 1-0

[Event "Montcada op-B 25th"]
[Site "Montcada"]
[Date "2017.07.01"]
[Round "7"]
[White "Sumit, Kumar1111"]
[Black "Castrillo Mansego, Pablo"]
[Result "1/2-1/2"]
[WhiteElo "1975"]
[BlackElo "1972"]
[PlyCount "48"]
[EventDate "2017.06.26"]
[EventType "swiss"]
[EventRounds "9"]
[EventCountry "ESP"]
[SourceTitle "EXT 2018"]
[Source "ChessBase"]
[SourceDate "2017.10.13"]
[SourceVersion "1"]
[SourceVersionDate "2017.10.13"]
[SourceQuality "1"]

1. e4 e6 2. d3 d5 3. Nd2 Nf6 4. Ngf3 c5 5. g3 b6 6. Bg2 Bb7 7. e5 Nfd7 8. 0-0 Be7 9. Re1 Nc6 10. c3 Qc7 11. Qe2 0-0 12. Nf1 Rfd8 13. h4 Nf8 14. N1h2 Ba6 15. h5 Rac8 16. Ng4 b5 17. h6 g6 18. Ng5 Nd7 19. Bf4 d4 20. Ne4 dxc3 21. bxc3 b4 22. Nd6 bxc3 23. Nxc8 Qxc8 24. Qc2 Nb4 1/2-1/2

[Event "Cornella de Llobregat op"]
[Site "Cornella de Llobregat"]
[Date "2017.04.10"]
[Round "2"]
[White "Castrillo Mansego, Pablo"]
[Black "Capellades Subirana, Marc"]
[Result "1/2-1/2"]
[WhiteElo "2135"]
[BlackElo "2331"]
[PlyCount "40"]
[EventDate "2017.04.03"]
[EventType "swiss"]
[EventRounds "7"]
[EventCountry "ESP"]
[SourceTitle "EXT 2018"]
[Source "ChessBase"]
[SourceDate "2017.10.13"]
[SourceVersion "1"]
[SourceVersionDate "2017.10.13"]
[SourceQuality "1"]

1. e4 e5 2. Nf3 Nc6 3. Nc3 Nf6 4. d4 exd4 5. Nxd4 Bb4 6. Nxc6 bxc6 7. Bd3 d5 8. exd5 cxd5 9. 0-0 0-0 10. Bg5 c6 11. Qf3 h6 12. Bf4 Bg4 13. Qg3 Qd7 14. f3 Bf5 15. Bxh6 Nh5 16. Qg5 Bxd3 17. cxd3 Kh7 18. Qxh5 gxh6 19. g3 Rg8 20. Kg2 Rg5 1/2-1/2

[Event "Cornella de Llobregat op"]
[Site "Cornella de Llobregat"]
[Date "2017.04.03"]
[Round "1"]
[White "Madrid Sole, Pedro"]
[Black "Castrillo Mansego, Pablo"]
[Result "0-1"]
[WhiteElo "1906"]
[BlackElo "2135"]
[PlyCount "77"]
[EventDate "2017.04.03"]
[EventType "swiss"]
[EventRounds "7"]
[EventCountry "ESP"]
[SourceTitle "EXT 2018"]
[Source "ChessBase"]
[SourceDate "2017.10.13"]
[SourceVersion "1"]
[SourceVersionDate "2017.10.13"]
[SourceQuality "1"]

1. e4 c5 2. Nf3 d6 3. c3 Nf6 4. d3 Nc6 5. Nbd2 e5 6. Be2 Be7 7. 0-0 0-0 8. a3 a5 9. Re1 Ne8 10. Nf1 Nc7 11. Bd2 a4 12. Qc2 Be6 13. c4 f5 14. Ne3 fxe4 15. dxe4 Nd4 16. Nxd4 cxd4 17. Nd5 Nxd5 18. cxd5 Bd7 19. Qd3 Bh4 20. Rf1 Qb6 21. f4 Bf6 22. f5 Qd8 23. g4 Bg5 24. Rf3 Bb5 25. Qxb5 Bxd2 26. Raf1 Qh4 27. Kg2 Qxg4+ 28. Rg3 Qxe4+ 29. Bf3 Qxf5 30. Qxb7 Qf7 31. Qb5 Rab8 32. Qd3 Bf4 33. Rh3 Rxb2+ 34. Kh1 h6 35. Be4 Rb3 36. Bg6 Qf6 37. Bh7+ Kh8 38. Rxh6 Qxh6 39. Qc2 0-1

[Event "Barcelona Sant Marti op-A 18th"]
[Site "Barcelona"]
[Date "2016.07.17"]
[Round "5"]
[White "Castrillo Mansego, Pablo"]
[Black "Nadal Fajardo, Ricard"]
[Result "1-0"]
[WhiteElo "2003"]
[BlackElo "1900"]
[PlyCount "97"]
[EventDate "2016.07.13"]
[EventType "swiss"]
[EventRounds "9"]
[EventCountry "ESP"]
[SourceTitle "CBM 173 Extra"]
[Source "ChessBase"]
[SourceDate "2016.08.29"]
[SourceVersion "1"]
[SourceVersionDate "2016.08.29"]
[SourceQuality "1"]

1. e4 c6 2. f4 d5 3. exd5 cxd5 4. d4 Nc6 5. Nf3 Nf6 6. c3 g6 7. Bd3 Bf5 8. 0-0 Bg7 9. Qc2 e6 10. Nbd2 0-0 11. h3 Rc8 12. a3 Nh5 13. Nb3 Qb6 14. Bxf5 exf5 15. Qd1 Ng3 16. Re1 Ne4 17. Kh2 a5 18. Ne5 Qc7 19. g3 f6 20. Nd3 b6 21. a4 Rfe8 22. Nd2 Kh8 23. Nf1 Qb7 24. Ne3 Rcd8 25. Kg2 Qa6 26. h4 h5 27. Ra3 Nd6 28. Rb3 Nc4 29. Rb5 Qb7 30. Qf3 Nxe3+ 31. Rxe3 Re4 32. Nc5 Qc7 33. Ne6 Rxe6 34. Rxe6 Nxd4 35. cxd4 Qxc1 36. Rexb6 Kh7 37. Qe2 Rc8 38. Rc5 Rxc5 39. dxc5 Qxc5 40. Rb7 Kh6 41. Qe7 Qxe7 42. Rxe7 Bf8 43. Rd7 Bb4 44. Rxd5 Kg7 45. Rd7+ Kf8 46. Kf3 Be1 47. Rb7 Bd2 48. Ke2 Bb4 49. Rxb4 1-0

[Event "Barcelona Sant Marti op-A 18th"]
[Site "Barcelona"]
[Date "2016.07.15"]
[Round "3"]
[White "Patil, Pratik"]
[Black "Castrillo Mansego, Pablo"]
[Result "1-0"]
[WhiteElo "2219"]
[BlackElo "2003"]
[PlyCount "81"]
[EventDate "2016.07.13"]
[EventType "swiss"]
[EventRounds "9"]
[EventCountry "ESP"]
[SourceTitle "CBM 173 Extra"]
[Source "ChessBase"]
[SourceDate "2016.08.29"]
[SourceVersion "1"]
[SourceVersionDate "2016.08.29"]
[SourceQuality "1"]

1. e4 g6 2. d4 Bg7 3. Nc3 d6 4. h3 Nf6 5. Nf3 0-0 6. Bd3 e5 7. Be3 exd4 8. Bxd4 Nc6 9. Bxf6 Bxf6 10. Qd2 a6 11. 0-0 b5 12. Rad1 Bb7 13. Nd5 Bg7 14. c4 Ne7 15. b3 c6 16. Ne3 Qb6 17. Ng4 f6 18. Qf4 Rad8 19. Bb1 Qc5 20. cxb5 cxb5 21. Rc1 Qb6 22. Rfd1 h5 23. Ne3 Kh7 24. Nd4 Rc8 25. Ne6 Rfe8 26. Nxg7 Kxg7 27. Rxc8 Nxc8 28. Qg3 Bxe4 29. Bxe4 Rxe4 30. Nf5+ Kf7 31. Nxd6+ Nxd6 32. Rxd6 Qb7 33. Qd3 Re1+ 34. Kh2 Qc7 35. g3 Qc1 36. Rd7+ Re7 37. Qd5+ Kf8 38. Rd8+ Re8 39. Qd6+ Kf7 40. Rd7+ Kg8 41. Qxf6 1-0

[Event "Cornella de Llobregat Vallve Pinol 3rd"]
[Site "Cornella de Llobregat"]
[Date "2015.09.28"]
[Round "2.10"]
[White "Garcia Llargues, Daniel"]
[Black "Castrillo Mansego, Pablo"]
[Result "1/2-1/2"]
[WhiteElo "1994"]
[BlackElo "2121"]
[PlyCount "32"]
[EventDate "2015.09.21"]
[EventType "swiss"]
[EventRounds "9"]
[EventCountry "ESP"]
[SourceTitle "EXT 2024"]
[Source "ChessBase"]
[SourceDate "2023.10.10"]
[SourceVersion "1"]
[SourceVersionDate "2023.10.10"]
[SourceQuality "1"]

1. b3 Nf6 2. e3 g6 3. Bb2 Bg7 4. f4 d6 5. Nf3 0-0 6. Be2 b6 7. c4 Bb7 8. 0-0 Nbd7 9. d4 Re8 10. Nbd2 e5 11. f5 exd4 12. exd4 Qe7 13. Rf2 Ne4 14. Nxe4 Qxe4 15. Nd2 Qe7 16. Qc2 c5 1/2-1/2